000 00498cam a2200205ua 4500
001 8070
008 150108n ii |||gr||||Z||||||hin
020 _a8171241948
040 _cMAIN
041 _ahin
082 _a891.432
100 _aPrasad, J.,
_eAuthor.
245 1 _aChandragupta
_cBy Jaishankar Prasad
250 _a12th.
260 _aVaranasi:
_bViswavidyalaya,
_c1999.
300 _a178p.
653 _aEast Indo-European & Celtic literatures
653 _aHindi drama
942 _cBK
999 _c7186
_d7186